000 00414cam a22001337a 4500
999 _c508576
_d508576
008 180718b1955 xxu||||| |||| 00| 0 eng d
082 _aA81x5421 In2/51/10
100 _aCensus of India 1961
_93993
245 _aUttar Pradesh district census handbook, Etah
260 _aLucknow
_bSuperintendent, Census Operations
_c1965
300 _a177+p.
440 _aCensus of India 1961. Uttar Pradesh
_93994
942 _2ddc